aracterización de la impresión completa, tamaño espaciamiento, ancho , bordes rectos y nítidos de las marcas de impresión del proceso de graduación en extrusiones
Spremljeno u:
| Glavni autor: | |
|---|---|
| Format: | Knjiga |
| Jezik: | Spanish |
| Izdano: |
[San José, Costa Rica]
2015
|
| Oznake: |
Dodaj oznaku
Bez oznaka, Budi prvi tko označuje ovaj zapis!
|
MARC
| LEADER | 00000nam a22000007a 4500 | ||
|---|---|---|---|
| 003 | 012116 | ||
| 005 | 20221231143900.0 | ||
| 008 | 150312b xxu||||| |||| 00| 0 spa d | ||
| 040 | |c cru CEDI | ||
| 090 | |a TFG 7281 | ||
| 100 | |9 424 |a Chaves Acuña, Jorge Arturo | ||
| 245 | |a aracterización de la impresión completa, tamaño espaciamiento, ancho , bordes rectos y nítidos de las marcas de impresión del proceso de graduación en extrusiones | ||
| 260 | |a [San José, Costa Rica] |c 2015 | ||
| 500 | |a Proyecto de graduación (licenciatura en ingeniería química)--Universidad de Costa Rica. Facultad de Ingeniería. Escuela de Ingeniería Química | ||
| 942 | |c TFG | ||
| 999 | |c 13684 |d 13684 | ||
